Statistics for Counting in Asia

Click here to take the quiz!

General Stats

  • This quiz has been taken 34 times
    (24 since last reset)
  • The average score is 16 of 60

Answer Stats

Number Language % Correct
4shi
82%
10shi
82%
3san
76%
3san
76%
4si
76%
1ichi
71%
2ni
71%
2er
59%
1yi
59%
8ba
53%
5go
53%
6liu
47%
5wu
47%
7qi
47%
8hachi
47%
10juu
47%
9jiu
41%
9ku
41%
2do
35%
6roku
35%
1hana
29%
7shichi
29%
10das
18%
4caar
18%
7sab'a
18%
10sip
18%
6chah
12%
1wahid
12%
9tiss'a
12%
5paanch
12%
10'ashra
12%
6sitta
12%
5khamsa
12%
4arba'a
12%
10yeol
12%
9ah-hop
12%
5da-seot
12%
6yeo-seot
12%
1ek
12%
3teen
12%
7il-gop
12%
3saam
6%
4see
6%
6hohk
6%
9gaao
6%
2dhul
6%
8bpaaet
6%
7jet
6%
2saawng
6%
5haa
6%
8thamania
6%
9nau
6%
8aath
6%
7saat
6%
2ithnaan
6%
3thalaatha
6%
3sehtt
6%
4nehtt
6%
8yuh-deol
6%
1neung
6%

Score Distribution

Percentile by Number Answered

Percent of People with Each Score

Your Score History

You have not taken this quiz since the last reset